000 00291nam a2200133Ia 4500
003 SGT
082 _a658,RAM
100 _aRAMASAMY,T
245 _aPRINCIPAL OF MANAGEMENT
260 _bHIMALAYA PUBLISHING HOUSE
_aN.Delhi
_c2013
300 _a366p.
650 _aMANAGEMENT
942 _2ddc
_cFCM
999 _c6283
_d6283